<?xml version="1.0" encoding="UTF-8"?>
<record
    xmlns:xsi="http://www.w3.org/2001/XMLSchema-instance"
    xsi:schemaLocation="http://www.loc.gov/MARC21/slim http://www.loc.gov/standards/marcxml/schema/MARC21slim.xsd"
    xmlns="http://www.loc.gov/MARC21/slim">

  <leader>01295nam a2200217Ia 4500</leader>
  <controlfield tag="003">OSt</controlfield>
  <controlfield tag="005">20260509092714.0</controlfield>
  <controlfield tag="008">210210b1993   xxu||||| |||| 00| 0 eng d</controlfield>
  <datafield tag="040" ind1=" " ind2=" ">
    <subfield code="c">AL</subfield>
  </datafield>
  <datafield tag="041" ind1=" " ind2=" ">
    <subfield code="a">Kannada</subfield>
  </datafield>
  <datafield tag="082" ind1=" " ind2=" ">
    <subfield code="a">K894.9 BICN</subfield>
  </datafield>
  <datafield tag="100" ind1=" " ind2=" ">
    <subfield code="a">BICHI  </subfield>
    <subfield code="9">131286</subfield>
    <subfield code="d"> &#xCAC;&#xCC0;&#xC9A;&#xCBF;</subfield>
  </datafield>
  <datafield tag="245" ind1=" " ind2=" ">
    <subfield code="a">Nanna Biography</subfield>
    <subfield code="b">&#xCA8;&#xCA8;&#xCCD;&#xCA8; &#xCAD;&#xCAF;&#xCBE;&#xC97;&#xCCD;&#xCB0;&#xCAB;&#xCBF;</subfield>
  </datafield>
  <datafield tag="260" ind1=" " ind2=" ">
    <subfield code="a">Bengaluru</subfield>
    <subfield code="b">S B S Publishars Distributars</subfield>
    <subfield code="c">1993</subfield>
  </datafield>
  <datafield tag="300" ind1=" " ind2=" ">
    <subfield code="a">476</subfield>
  </datafield>
  <datafield tag="520" ind1=" " ind2=" ">
    <subfield code="a">'&#xCA8;&#xCA8;&#xCCD;&#xCA8; &#xCAD;&#xCAF;&#xCBE;&#xC97;&#xCCD;&#xCB0;&#xCAB;&#xCBF;' (Nanna Bhayagraphy) &#xC95;&#xCA8;&#xCCD;&#xCA8;&#xCA1;&#xCA6; &#xCAA;&#xCCD;&#xCB0;&#xCB8;&#xCBF;&#xCA6;&#xCCD;&#xCA7; &#xCB9;&#xCBE;&#xCB8;&#xCCD;&#xCAF; &#xCB8;&#xCBE;&#xCB9;&#xCBF;&#xCA4;&#xCBF; &#xCAC;&#xCC0;&#xC9A;&#xCBF; (&#xCB0;&#xCBE;&#xCAF;&#xCB8;&#xC82; &#xCAD;&#xCC0;&#xCAE;&#xCB8;&#xCC7;&#xCA8; &#xCB0;&#xCBE;&#xCB5;&#xCCD;) &#xC85;&#xCB5;&#xCB0; &#xC85;&#xCA4;&#xCCD;&#xCAF;&#xC82;&#xCA4; &#xC9C;&#xCA8;&#xCAA;&#xCCD;&#xCB0;&#xCBF;&#xCAF; &#xC86;&#xCA4;&#xCCD;&#xCAE;&#xC95;&#xCA5;&#xCA8;&#xCB5;&#xCBE;&#xC97;&#xCBF;&#xCA6;&#xCC6;. &#xC87;&#xCA6;&#xCC1; &#xC95;&#xCC7;&#xCB5;&#xCB2; &#xC9C;&#xCC0;&#xCB5;&#xCA8; &#xC9A;&#xCB0;&#xCBF;&#xCA4;&#xCCD;&#xCB0;&#xCC6;&#xCAF;&#xCB2;&#xCCD;&#xCB2;, &#xCAC;&#xCA6;&#xCB2;&#xCBE;&#xC97;&#xCBF; &#xCA4;&#xCAE;&#xCCD;&#xCAE; &#xCAC;&#xCA6;&#xCC1;&#xC95;&#xCBF;&#xCA8; &#xC95;&#xCB7;&#xCCD;&#xC9F;&#xC97;&#xCB3;&#xCA8;&#xCCD;&#xCA8;&#xCC1; &#xCB9;&#xCBE;&#xCB8;&#xCCD;&#xCAF;&#xCA6; &#xCAE;&#xCC2;&#xCB2;&#xC95; &#xCB5;&#xCBF;&#xCB5;&#xCB0;&#xCBF;&#xCB8;&#xCC1;&#xCB5; &#xCB5;&#xCBF;&#xCB6;&#xCBF;&#xCB7;&#xCCD;&#xC9F; &#xC95;&#xCC3;&#xCA4;&#xCBF;&#xCAF;&#xCBE;&#xC97;&#xCBF;&#xCA6;&#xCC6;. &#xC87;&#xCA6;&#xCC1; &#xC93;&#xCA6;&#xCC1;&#xC97;&#xCB0;&#xCBF;&#xC97;&#xCC6; &#xC9C;&#xCC0;&#xCB5;&#xCA8; &#xCAA;&#xCCD;&#xCB0;&#xCC0;&#xCA4;&#xCBF;&#xCAF;&#xCA8;&#xCCD;&#xCA8;&#xCC1; &#xC95;&#xCB2;&#xCBF;&#xCB8;&#xCC1;&#xCB5; &#xCAE;&#xCA4;&#xCCD;&#xCA4;&#xCC1; &#xCA8;&#xC97;&#xCBF;&#xCB8;&#xCC1;&#xCB5; &#xCAA;&#xCC1;&#xCB8;&#xCCD;&#xCA4;&#xC95;&#xCB5;&#xCBE;&#xC97;&#xCBF;&#xCA6;&#xCC6;.</subfield>
  </datafield>
  <datafield tag="650" ind1=" " ind2=" ">
    <subfield code="a">Biography</subfield>
    <subfield code="9">203964</subfield>
  </datafield>
  <datafield tag="690" ind1=" " ind2=" ">
    <subfield code="a">Kannada Criticism</subfield>
    <subfield code="9">131289</subfield>
  </datafield>
  <datafield tag="906" ind1=" " ind2=" ">
    <subfield code="a">047497</subfield>
  </datafield>
  <datafield tag="942" ind1=" " ind2=" ">
    <subfield code="2">ddc</subfield>
    <subfield code="c">BK</subfield>
  </datafield>
  <datafield tag="999" ind1=" " ind2=" ">
    <subfield code="c">96533</subfield>
    <subfield code="d">96533</subfield>
  </datafield>
  <datafield tag="952" ind1=" " ind2=" ">
    <subfield code="0">0</subfield>
    <subfield code="1">0</subfield>
    <subfield code="2">ddc</subfield>
    <subfield code="4">0</subfield>
    <subfield code="7">0</subfield>
    <subfield code="8">KAN</subfield>
    <subfield code="a">AL</subfield>
    <subfield code="b">AL</subfield>
    <subfield code="d">2021-02-17</subfield>
    <subfield code="g">95.00</subfield>
    <subfield code="l">0</subfield>
    <subfield code="o">K894.9 BICN</subfield>
    <subfield code="p">047497</subfield>
    <subfield code="r">2021-02-17 00:00:00</subfield>
    <subfield code="w">2021-02-17</subfield>
    <subfield code="y">BK</subfield>
  </datafield>
</record>
